LEADER 01398nam 2200385 450 001 9910715307503321 005 20210311132325.0 035 $a(CKB)5470000002510964 035 $a(OCoLC)1241199391 035 $a(EXLCZ)995470000002510964 100 $a20210311d1991 ua 0 101 0 $aeng 135 $aur||||||||||| 181 $ctxt$2rdacontent 182 $cc$2rdamedia 183 $acr$2rdacarrier 200 00$aFalse alarms of alarm ratemeters because of radiofrequency interference 210 1$aWashington, D.C. :$cUnited States Nuclear Regulatory Commission, Office of Nuclear Material Safety and Safeguards,$d1991. 215 $a1 online resource 225 1 $aInformation notice ;$v91-60 300 $a"September 24, 1991." 517 3 $aFalse alarms of alarm rate meters because of radio frequency interference 606 $aNuclear power plants$xSecurity measures$zUnited States 606 $aFalse alarms 606 $aRadio$xInterference 615 0$aNuclear power plants$xSecurity measures 615 0$aFalse alarms. 615 0$aRadio$xInterference. 712 02$aU.S. Nuclear Regulatory Commission.$bOffice of Nuclear Material Safety and Safeguards, 801 0$bGPO 801 1$bGPO 906 $aBOOK 912 $a9910715307503321 996 $aFalse alarms of alarm ratemeters because of radiofrequency interference$93303809 997 $aUNINA